Higher education (Record no. 6790)

MARC details
000 -LEADER
fixed length control field 00716 a2200193 4500
005 - DATE AND TIME OF LATEST TRANSACTION
control field 20080908155253.0
008 - FIXED-LENGTH DATA ELEMENTS--GENERAL INFORMATION
fixed length control field 080908t xxu||||| |||| 00| 0 eng d
010 ## - LIBRARY OF CONGRESS CONTROL NUMBER
LC control number ENG-87677
020 ## - INTERNATIONAL STANDARD BOOK NUMBER
Terms of availability 80.00
035 ## - SYSTEM CONTROL NUMBER
System control number EN-71210
037 ## - SOURCE OF ACQUISITION
Source of stock number/acquisition DBAD / PUB
082 ## - DEWEY DECIMAL CLASSIFICATION NUMBER
Classification number 378
245 ## - TITLE STATEMENT
Title Higher education
Remainder of title its social relevance
Statement of responsibility, etc edited by S. Ravindranathan... [et. al.]
260 ## - PUBLICATION, DISTRIBUTION, ETC. (IMPRINT)
Place of publication, distribution, etc Tirunelveli
Name of publisher, distributor, etc Manonmaniam Sundaranar University
Date of publication, distribution, etc 2006
270 ## - ADDRESS
Address Publication Division
City Tirunelveli
Postal code 627 012
300 ## - PHYSICAL DESCRIPTION
Extent vi, 122 p.
Dimensions 22 cm ( Pbk)
942 ## - ADDED ENTRY ELEMENTS (KOHA)
Institution code [OBSOLETE] dpl
Koha item type English Books
Call number prefix 378/HIG
Source of classification or shelving scheme Dewey Decimal Classification
Classification part 378
Call number suffix HIG
Holdings
Withdrawn status Lost status Damaged status Not for loan Collection code Home library Current library Date acquired Cost, normal purchase price Total Checkouts Full call number Barcode Date last seen Copy number Uniform Resource Identifier Cost, replacement price Price effective from Koha item type
      Not For Loan Non-fiction D.B.Act.Division D.B.Act.Division 08/09/2008 80.00   378 HIG EN-71210 15/09/2008 1 7292 80.00 15/09/2008 English Books

© Delhi Public Library
Hit Counter
free hit counter